| 000 | 01593cam a22001934i 4500 | ||
|---|---|---|---|
| 999 |
_c4251 _d4251 |
||
| 020 | _a9781133934400 | ||
| 050 | 0 | 0 |
_aHF5679 _b.H14 |
| 100 | 1 | _aHall, James A., | |
| 245 | 1 | 0 |
_aAccounting information systems / _cJames A. Hall, Peter E. Bennett Chair in Business and Economics, Lehigh University. |
| 250 | _a9th edition. | ||
| 260 |
_a8th edition published: Mason, OH _b South-Western Cengage Learning. _c2013. |
||
| 300 |
_axxxi, 781 pages : _billustrations ; _c27 cm |
||
| 500 | _a8th edition published: Mason, OH : South-Western Cengage Learning, c2013. | ||
| 500 | _aIncludes index. | ||
| 505 | _aThe information system: an accountant's perspective -- Introduction to transaction processing -- Ethics, fraud, and internal control -- The revenue cycle -- The expenditure cycle part I: purchases and cash disbursements procedures -- The expenditure cycle part II: payroll processing and fixed asset procedures -- The conversion cycle -- Financial reporting and management reporting systems -- Database management systems -- The REA approach to database modeling -- Enterprise resource planning systems -- Electronic commerce systems -- Managing the systems development life cycle -- Construct, deliver, and maintain systems project -- Auditing IT controls part I: Sarbanes-Oxley and IT governance -- Auditing IT controls part II: security and access -- Auditing IT controls part III: systems development, program changes, and application auditing. | ||
| 650 | 0 |
_aInformation storage and retrieval systems _xAccounting. |
|
| 650 | 0 |
_aAccounting _xData processing. |
|
| 942 | _cBK | ||